000 00644nam a2200229 i 4500
001 C2-0122272
003 PPAK
005 20180727113631.0
008 970823s1979 io |||| ||||| | may d
040 _aPPAK
_beng
_cPPAK
_erda
082 0 4 _a899.221
_223
090 0 0 _a899.221
_bSAR
_dKIH
100 1 _aSaria, Rusli Marzuki,
_eauthor
245 1 0 _aTema-tema kecil
264 1 _aJakarta, Indonesia :
_bPenerbitan Kedua Puloh Tiga Puisi Indonesia ,
_c1979
300 _a48 pages ;
_c20 cm
336 _2rdacontent
_atext
337 _2rdamedia
_aunmediated
338 _2rdacarrier
_avolume
650 1 0 _aIndonesian fiction
942 _ddc
_cB
999 _c35083
_d35083